| 000 | 01289naa a22003137a 4500 | ||
|---|---|---|---|
| 001 | BR8003842 | ||
| 003 | BR-BrBNA | ||
| 005 | 20240918174621.0 | ||
| 007 | ta | ||
| 008 | 230509b bl.||||| |||| 00| 0 por d | ||
| 040 |
_aBR-BrBNA _bpor _cBiblioteca Nacional de Agricultura |
||
| 041 | _a(Pt) | ||
| 072 |
_aK50; K10 _b8919 _b4570 _bG514 |
||
| 090 | _aK50 BR8003842 | ||
| 100 | 1 | _aPires, F. da S. | |
| 100 | 1 | _aKuan, G.S.S. | |
| 100 | 1 | _aBugajer, S. | |
| 245 | 1 | _aPotencial de economia de energia na refinacao de pastas celulosicas [Celulose; Secagem; Industria florestal; Equipamento florestal; Brasil] | |
| 260 | 3 |
_aSao Paulo, SP (Brasil): _c1980. |
|
| 500 | _aTrabalhos apresentados pelo Centro Tecnico em Celulose e Papel no 13. Congresso Anual da Associacao Tecnica Brasileira em Celulose e Papel Sao Paulo, SP (Brasil): 1980. p. 53-75 (BR8003842-AM)K50 | ||
| 650 | _aCELULOSE | ||
| 650 | _aSECAGEM | ||
| 650 | _aREFINACAO | ||
| 650 | _aINDUSTRIALIZACAO | ||
| 650 | _aEQUIPAMENTO FLORESTAL | ||
| 773 | 0 |
_tTrabalhos apresentados pelo Centro Tecnico em Celulose e Papel no 13. Congresso Anual da Associacao Tecnica Brasileira em Celulose e Papel _b _wK50 BR8003842 _gSao Paulo, SP (Brasil), 1980. p. 53-75 |
|
| 909 |
_a202404 _bLucia _c55 _dLucia Elande |
||
| 942 |
_cAM _2AGRIS |
||
| 999 |
_c312376 _d312376 |
||